[Event "Norway Chess (Women) 13th"]
[Site "Stavanger"]
[Date "2025.06.02"]
[Round "7"]
[White "Lei, Tingjie"]
[Black "Vaishali, Ramesh Babu"]
[Result "1-0"]
[WhiteElo "2552"]
[BlackElo "2475"]
[PlyCount "91"]
[EventDate "2025.05.26"]
[EventType "tourn"]
[EventRounds "10"]
[EventCountry "NOR"]
[EventCategory "11"]
[SourceTitle "CB24_2025"]
[SourceDate "2025.06.11"]
[SourceVersion "1"]
[SourceVersionDate "2025.06.11"]
[SourceQuality "1"]

1. e4 e5 2. Nf3 Nc6 3. Bc4 Nf6 4. d3 Bc5 5. Nc3 h6 6. h3 d6 7. Na4 Bb6 8. a3 Be6 9. Bxe6 fxe6 10. b4 0-0 11. 0-0 Qe8 12. Bb2 Nh5 13. Nxb6 axb6 14. g3 Qf7 15. Nh2 Nd4 16. c3 Nf3+ 17. Nxf3 Qxf3 18. Qxf3 Rxf3 19. Rad1 b5 20. Kg2 Rf7 21. c4 bxc4 22. dxc4 Nf6 23. Rfe1 Nd7 24. Re2 Nb6 25. Rc2 Rd7 26. Rd3 Kf7 27. c5 dxc5 28. Rf3+ Kg8 29. bxc5 Na4 30. Ba1 Ra5 31. c6 bxc6 32. Rxc6 Nc5 33. Bc3 Rb5 34. Re3 Nd3 35. a4 Rb6 36. Rc4 Rb3 37. Re2 Ra3 38. a5 Nc1 39. Bb2 Nxe2 40. Bxa3 Nd4 41. a6 Nb5 42. Bb2 Na7 43. Bxe5 c6 44. Bb8 Nb5 45. Rxc6 Kf7 46. Rb6 1-0

[Event "Norway Chess (Women) 13th"]
[Site "Stavanger"]
[Date "2025.06.01"]
[Round "6"]
[White "Vaishali, Ramesh Babu"]
[Black "Koneru, Humpy"]
[Result "1/2-1/2"]
[WhiteElo "2475"]
[BlackElo "2543"]
[PlyCount "81"]
[EventDate "2025.05.26"]
[EventType "tourn"]
[EventRounds "10"]
[EventCountry "NOR"]
[EventCategory "11"]
[SourceTitle "CB24_2025"]
[SourceDate "2025.06.11"]
[SourceVersion "1"]
[SourceVersionDate "2025.06.11"]
[SourceQuality "1"]

1. d4 Nf6 2. c4 e6 3. g3 d5 4. Bg2 Be7 5. Nf3 0-0 6. Qc2 c5 7. dxc5 d4 8. b4 a5 9. b5 Bxc5 10. Nbd2 Nbd7 11. Nb3 e5 12. a4 Qc7 13. 0-0 Ra7 14. Bg5 b6 15. Nxc5 Qxc5 16. Nd2 Qd6 17. Bxf6 Qxf6 18. Nb3 Bb7 19. Bxb7 Rxb7 20. f4 Nc5 21. Nxc5 bxc5 22. Qe4 Re7 23. f5 Rd7 24. Rad1 Rb8 25. Rd3 Rd6 26. Kg2 Qe7 27. Rf2 h6 28. h4 Rbd8 29. Kh3 h5 30. g4 hxg4+ 31. Qxg4 Rh6 32. Rg3 Qf6 33. Rfg2 Rh7 34. Qe4 Kh8 35. Rg4 Qd6 36. R2g3 Rb8 37. Rf3 Rh6 38. Rfg3 Rh7 39. Rf3 Rh6 40. Rfg3 Rh7 41. Rf3 1/2-1/2

[Event "Grosslobming FIDE GP (Women)"]
[Site "Grosslobming"]
[Date "2025.05.14"]
[Round "8"]
[White "Vaishali, Ramesh Babu"]
[Black "Tan, Zhongyi"]
[Result "1/2-1/2"]
[WhiteElo "2475"]
[BlackElo "2536"]
[PlyCount "102"]
[EventDate "2025.05.06"]
[EventType "tourn"]
[EventRounds "9"]
[EventCountry "AUT"]
[EventCategory "10"]
[SourceTitle "CB21_2025"]
[SourceDate "2025.05.21"]
[SourceVersion "1"]
[SourceVersionDate "2025.05.21"]
[SourceQuality "1"]

1. e4 e5 2. Nf3 Nc6 3. Bb5 a6 4. Ba4 Nf6 5. d3 b5 6. Bb3 Bc5 7. c3 d6 8. Bg5 h6 9. Bh4 Bb6 10. Nbd2 Na5 11. Bc2 g5 12. Bg3 Nh5 13. Nf1 Qf6 14. Ne3 Bxe3 15. fxe3 Nxg3 16. hxg3 c5 17. b4 cxb4 18. cxb4 Nc6 19. Bb3 Be6 20. Rc1 Rc8 21. Bxe6 Qxe6 22. Nxg5 Qg6 23. Nf3 Qxg3+ 24. Kf1 Qg4 25. Qd2 Ne7 26. Rxc8+ Qxc8 27. Kf2 Qg4 28. Rh4 Qe6 29. Kg1 Ng6 30. Rh3 Ke7 31. Nh4 Nxh4 32. Rxh4 Rg8 33. Kh2 Rg6 34. Qf2 Qf6 35. Qxf6+ Kxf6 36. Rh5 Ke7 37. a3 f6 38. Kg1 Kf7 39. Kf2 Rg8 40. Rxh6 Kg7 41. Rh1 Rc8 42. Ra1 Rc2+ 43. Kf3 Kf7 44. a4 Rb2 45. axb5 axb5 46. Ra7+ Ke6 47. Rb7 Rxb4 48. g4 Rb3 49. Ke2 Rb2+ 50. Kf3 Rb3 51. Ke2 Rb2+ 1/2-1/2

[Event "Grosslobming FIDE GP (Women)"]
[Site "Grosslobming"]
[Date "2025.05.09"]
[Round "4"]
[White "Vaishali, Ramesh Babu"]
[Black "Muzychuk, Mariya"]
[Result "1/2-1/2"]
[WhiteElo "2475"]
[BlackElo "2494"]
[PlyCount "70"]
[EventDate "2025.05.06"]
[EventType "tourn"]
[EventRounds "9"]
[EventCountry "AUT"]
[EventCategory "10"]
[SourceTitle "CB21_2025"]
[SourceDate "2025.05.21"]
[SourceVersion "1"]
[SourceVersionDate "2025.05.21"]
[SourceQuality "1"]

1. e4 c5 2. Nf3 Nc6 3. d4 cxd4 4. Nxd4 Nf6 5. Nc3 e5 6. Ndb5 d6 7. Bg5 a6 8. Na3 b5 9. Nd5 Be7 10. Bxf6 Bxf6 11. c4 b4 12. Nc2 0-0 13. h4 Be6 14. Qf3 Bxd5 15. cxd5 Na5 16. Ne3 Nb7 17. Bc4 Nc5 18. g3 Qd7 19. 0-0-0 Rfc8 20. Kb1 Na4 21. Rc1 a5 22. Qe2 Rc5 23. Ba6 Rb8 24. Bd3 Bd8 25. Rxc5 Nxc5 26. Rc1 a4 27. Rc4 g6 28. Qd2 h5 29. Bf1 b3 30. a3 Bf6 31. Qd1 Kg7 32. Qd2 Kh7 33. Qd1 Kg7 34. Qd2 Kh7 35. Qd1 Kg7 1/2-1/2

[Event "Titled Tuesday intern op 04th Mar Early"]
[Site "Chess.com INT"]
[Date "2025.03.04"]
[Round "11"]
[White "Vaishali, Ramesh Babu"]
[Black "Askarov, Bakhtiyar"]
[Result "1-0"]
[WhiteElo "2484"]
[BlackElo "2314"]
[PlyCount "75"]
[EventDate "2025.03.04"]
[EventType "swiss (blitz)"]
[EventRounds "11"]
[EventCountry "USA"]
[SourceTitle "CB11_2025"]
[SourceDate "2025.03.12"]
[SourceVersion "1"]
[SourceVersionDate "2025.03.12"]
[SourceQuality "1"]

1. e4 d5 2. exd5 Qxd5 3. Nc3 Qd8 4. Bc4 g6 5. d4 Bg7 6. Nge2 Nf6 7. Bf4 0-0 8. Qd2 a6 9. a4 b6 10. h4 Bb7 11. f3 Nc6 12. Bh6 Bxh6 13. Qxh6 Nxd4 14. Rd1 Nxc2+ 15. Kf2 Qc8 16. Ng3 Rd8 17. h5 Qg4 18. Bd5 Bxd5 19. Nxd5 Rxd5 20. Rxd5 Qc4 21. Rd2 Qc5+ 22. Ke2 Nd4+ 23. Kd1 Nb3 24. hxg6 fxg6 25. Ne4 Qc1+ 26. Ke2 Qc4+ 27. Kd1 Qc1+ 28. Ke2 Qc4+ 29. Ke1 Nxd2 30. Nxf6+ Kf7 31. Qxd2 Kxf6 32. Rxh7 c5 33. g4 Qb4 34. g5+ Ke6 35. Rg7 Qxd2+ 36. Kxd2 Rd8+ 37. Ke3 Kf5 38. f4 1-0

[Event "Titled Tuesday intern op 04th Mar Early"]
[Site "Chess.com INT"]
[Date "2025.03.04"]
[Round "9"]
[White "Vaishali, Ramesh Babu"]
[Black "Ibarra Jerez, Jose Carlos"]
[Result "0-1"]
[WhiteElo "2484"]
[BlackElo "2559"]
[PlyCount "82"]
[EventDate "2025.03.04"]
[EventType "swiss (blitz)"]
[EventRounds "11"]
[EventCountry "USA"]
[SourceTitle "CB11_2025"]
[SourceDate "2025.03.12"]
[SourceVersion "1"]
[SourceVersionDate "2025.03.12"]
[SourceQuality "1"]

1. c4 e5 2. g3 Nf6 3. Bg2 c6 4. Nf3 e4 5. Nd4 Qb6 6. Nb3 a5 7. d4 d5 8. Nc3 a4 9. c5 Qb4 10. Nd2 Qxd4 11. e3 Qxc5 12. Nxa4 Qa7 13. b3 Bg4 14. Qc2 Na6 15. a3 b5 16. Nb2 Nb4 17. Qb1 Be7 18. 0-0 0-0 19. h3 Be2 20. Re1 Bd3 21. Nxd3 exd3 22. Rd1 Nc2 23. Ra2 c5 24. e4 Rad8 25. e5 Nd7 26. Nf3 c4 27. a4 b4 28. Rxc2 dxc2 29. Qxc2 c3 30. Be3 Bc5 31. Ng5 g6 32. e6 Bxe3 33. exf7+ Kh8 34. Ne6 Bxf2+ 35. Kh1 Qe3 36. Nf4 Bxg3 37. Nxd5 Qe5 38. Rf1 Qe6 39. Qd3 Bb8 40. Qd4+ Qe5 41. Qh4 Qh2# 0-1

[Event "Titled Tuesday intern op 04th Mar Early"]
[Site "Chess.com INT"]
[Date "2025.03.04"]
[Round "1"]
[White "Vaishali, Ramesh Babu"]
[Black "Malikova, Marjona"]
[Result "1-0"]
[WhiteElo "2484"]
[BlackElo "2051"]
[PlyCount "55"]
[EventDate "2025.03.04"]
[EventType "swiss (blitz)"]
[EventRounds "11"]
[EventCountry "USA"]
[SourceTitle "CB11_2025"]
[SourceDate "2025.03.12"]
[SourceVersion "1"]
[SourceVersionDate "2025.03.12"]
[SourceQuality "1"]

1. c4 Nf6 2. g3 c5 3. Bg2 d5 4. cxd5 Nxd5 5. Nc3 Nc7 6. a3 e5 7. Nf3 f6 8. b4 Be6 9. Rb1 cxb4 10. axb4 Be7 11. 0-0 0-0 12. d4 Nc6 13. dxe5 Bxb4 14. Qc2 Qe7 15. exf6 Rxf6 16. Bg5 a5 17. Ne4 Nd5 18. Rfd1 h6 19. Nxf6+ Nxf6 20. Bd2 Nd5 21. e4 Nb6 22. Bxb4 Nxb4 23. Qc3 Na4 24. Qe5 Nc5 25. Nd4 Kf7 26. Nf5 Bxf5 27. Qxf5+ Qf6 28. Qxc5 1-0

[Event "Chessable Masters Play In"]
[Site "Chess.com INT"]
[Date "2025.02.17"]
[Round "8"]
[White "Ter Sahakyan, Samvel"]
[Black "Vaishali, Ramesh Babu"]
[Result "1-0"]
[WhiteElo "2611"]
[BlackElo "2476"]
[PlyCount "73"]
[EventDate "2025.02.17"]
[EventType "swiss (blitz)"]
[EventRounds "9"]
[EventCountry "USA"]
[SourceTitle "CB08_2025"]
[SourceDate "2025.02.19"]
[SourceVersion "1"]
[SourceVersionDate "2025.02.19"]
[SourceQuality "1"]

1. e4 c5 2. Nf3 d6 3. Bc4 Nf6 4. d3 Nc6 5. 0-0 a6 6. a4 h6 7. c3 Bg4 8. Nbd2 e6 9. h3 Bh5 10. Ba2 g5 11. Re1 Rg8 12. g4 Nxg4 13. hxg4 Bxg4 14. Re3 Qf6 15. Qf1 0-0-0 16. d4 cxd4 17. cxd4 Nxd4 18. Nxd4 Qxd4 19. Nc4 Kb8 20. Bd2 d5 21. Bc3 Qa7 22. exd5 exd5 23. Ne5 d4 24. Rd3 Bf5 25. Ba5 Re8 26. Nxf7 Bxd3 27. Qxd3 Bc5 28. Rc1 Re7 29. Bd5 Rf8 30. b4 Bb6 31. Qg3+ Ka8 32. Qd6 Rfe8 33. Bxb6 Qb8 34. Bc7 Qa7 35. Kg2 d3 36. Bd8 Qb8 37. Qxa6+ 1-0

[Event "Titled Tuesday intern op 11th Feb Early"]
[Site "Chess.com INT"]
[Date "2025.02.11"]
[Round "10"]
[White "Sokhor, Nazar"]
[Black "Vaishali, Ramesh Babu"]
[Result "1-0"]
[WhiteElo "2243"]
[BlackElo "2476"]
[PlyCount "125"]
[EventDate "2025.02.11"]
[EventType "swiss (blitz)"]
[EventRounds "11"]
[EventCountry "USA"]
[SourceTitle "CB09_2025"]
[SourceDate "2025.02.27"]
[SourceVersion "1"]
[SourceVersionDate "2025.02.27"]
[SourceQuality "1"]

1. e4 c5 2. Nf3 d6 3. Bb5+ Bd7 4. Bxd7+ Qxd7 5. 0-0 Nc6 6. c3 Nf6 7. Re1 e6 8. d4 cxd4 9. cxd4 d5 10. e5 Ne4 11. Nbd2 Nxd2 12. Bxd2 Be7 13. Re3 0-0 14. Qe2 Rac8 15. h4 f5 16. exf6 Bxf6 17. Bc3 Rce8 18. Re1 Nd8 19. h5 Qf7 20. Ne5 Bxe5 21. Rxe5 Qf6 22. Bb4 Rf7 23. Rxd5 Nc6 24. Bc3 Ref8 25. Rd6 Qh4 26. g3 Qh3 27. Qxe6 Qxh5 28. Qe2 Qh3 29. d5 Ne7 30. Qe6 Qh5 31. Rd7 Qf3 32. Qe2 Qxf2+ 33. Qxf2 Rxf2 34. Rexe7 Rf1+ 35. Kg2 R8f2+ 36. Kh3 h5 37. Rxg7+ Kf8 38. Bb4+ Ke8 39. Rge7+ Kf8 40. Rh7+ Ke8 41. Rhe7+ Kf8 42. Re2+ Kg8 43. Rxf2 Rxf2 44. Bc3 b5 45. Rxa7 b4 46. Bxb4 Kh8 47. Bc3+ Kg8 48. Rg7+ Kf8 49. Rg5 Rf3 50. Rxh5 Rd3 51. a4 Kg8 52. a5 Rd1 53. a6 Ra1 54. a7 Kf7 55. a8Q Rxa8 56. d6 Ke6 57. Rh6+ Kd7 58. g4 Ra1 59. Kh4 Rg1 60. g5 Rg2 61. Kh5 Ke8 62. Rh7 Kf8 63. d7 1-0

[Event "Titled Tuesday intern op 04th Feb Early"]
[Site "Chess.com INT"]
[Date "2025.02.04"]
[Round "9"]
[White "Kozak, Antoni"]
[Black "Vaishali, Ramesh Babu"]
[Result "1-0"]
[WhiteElo "2426"]
[BlackElo "2476"]
[PlyCount "123"]
[EventDate "2025.02.04"]
[EventType "swiss (blitz)"]
[EventRounds "11"]
[EventCountry "USA"]
[SourceTitle "CB07_2025"]
[SourceDate "2025.02.12"]
[SourceVersion "1"]
[SourceVersionDate "2025.02.12"]
[SourceQuality "1"]

1. e4 e5 2. Nf3 Nc6 3. Bc4 Bc5 4. d3 h6 5. Nc3 Nf6 6. a3 d6 7. h3 a6 8. Bd2 Ba7 9. Qe2 Be6 10. Be3 Bxe3 11. Qxe3 Qd7 12. 0-0 0-0 13. Bb3 Nh5 14. Ne2 Bxb3 15. cxb3 f5 16. d4 Rae8 17. dxe5 Nxe5 18. Nxe5 Rxe5 19. f3 fxe4 20. fxe4 Nf6 21. Ng3 Qe6 22. Qc3 Rf7 23. Rae1 Nxe4 24. Nxe4 Rxe4 25. Rxe4 Rxf1+ 26. Kxf1 Qxe4 27. Qxc7 Qb1+ 28. Kf2 Qxb2+ 29. Kg1 Qxa3 30. Qxb7 Qa1+ 31. Kh2 Qe5+ 32. Kh1 a5 33. Qc8+ Kf7 34. Qc4+ Kf6 35. Qg8 Kf5 36. Qc4 Qa1+ 37. Kh2 Qe5+ 38. Kh1 d5 39. Qg4+ Kf6 40. Qh4+ Ke6 41. Qg4+ Kd6 42. Qc8 Qe1+ 43. Kh2 Qe5+ 44. Kh1 Qe7 45. Qa6+ Ke5 46. Qxa5 Qd7 47. Qe1+ Kf6 48. Qf2+ Ke7 49. Qd4 Kf7 50. Kg1 Qb5 51. b4 Qc6 52. Kf2 Qc2+ 53. Kf3 Qf5+ 54. Qf4 Ke6 55. Qxf5+ Kxf5 56. Ke3 Ke5 57. Kd3 g5 58. b5 Kd6 59. Kd4 h5 60. g3 h4 61. g4 Ke6 62. Kc5 1-0